Loading...
History - American History | 0 | 7 | 0 | 1 | 70 | 68 | 98.29 | 2 | 2 |
History - Other History | 0 | 5 | 0 | 0 | 50 | 29 | 78.60 | 1 | 2 |
Science - Physics | 0 | 5 | 1 | 2 | 45 | 125 | 136.20 | 0 | 0 |
Geography | 0 | 4 | 0 | 0 | 40 | 46 | 87.00 | 0 | 1 |
History - World History | 0 | 6 | 4 | 0 | 40 | 68 | 106.17 | 1 | 3 |
History - European History | 0 | 4 | 1 | 0 | 35 | 80 | 103.50 | 1 | 2 |
Science - Other Science | 0 | 3 | 0 | 0 | 30 | 93 | 102.00 | 0 | 1 |
Philosophy | 0 | 2 | 0 | 0 | 20 | 114 | 125.00 | 0 | 0 |
Literature - British Literature | 0 | 2 | 0 | 0 | 20 | 97 | 124.00 | 1 | 1 |
Literature - European Literature | 0 | 2 | 0 | 0 | 20 | 83 | 88.00 | 0 | 2 |
Fine Arts - Classical Music | 0 | 3 | 2 | 2 | 20 | 120 | 139.67 | 0 | 0 |
Fine Arts - Painting & Sculpture | 0 | 2 | 1 | 1 | 15 | 135 | 141.50 | 0 | 0 |
Science - Chemistry | 0 | 3 | 3 | 0 | 15 | 113 | 122.67 | 0 | 0 |
Fine Arts - Other Fine Arts | 0 | 2 | 1 | 0 | 15 | 88 | 93.50 | 0 | 1 |
Social Science | 0 | 1 | 0 | 0 | 10 | 90 | 90.00 | 0 | 0 |
Literature - World Literature | 0 | 1 | 0 | 0 | 10 | 115 | 115.00 | 0 | 0 |
Mythology | 0 | 1 | 0 | 0 | 10 | 52 | 52.00 | 0 | 1 |
Science - Biology | 0 | 2 | 2 | 0 | 10 | 78 | 90.00 | 0 | 0 |
Religion | 0 | 1 | 1 | 0 | 5 | 92 | 92.00 | 1 | 1 |
Current Events | 0 | 0 | 0 | 0 | 0 | 0.00 | 0 | 0 | |
Other Academic | 0 | 1 | 3 | 1 | -5 | 155 | 155.00 | 0 | 0 |